000 01038nas a2200337 4500
001 BR0800573
003 BR-BrBNA
005 20231205111519.0
007 ta
008 230509b bl.|||p| |||| 00| 00por d
040 _aBR-BrBNA
_bpor
_cBiblioteca Nacional de Agricultura
041 _a(Pt)
072 _aH10; H20
100 1 _aArieira, C.R.D.
100 1 _aFerraz, S.
100 1 _aDemuner, A.J.
100 1 _aFreitas, L.G.
245 1 _aEclosão de juvenis de Meloidogyne javanica e Heterodera glycines frente a extratos químicos dos sistemas radiculares de Brachiaria brizantha e Panicum maximum cv. Guiné
650 _aNEMATÓIDE
650 _aSOJA
650 _aCONTROLE QUÍMICO
650 _aEXTRATO
650 _aRAIZ
650 _aCAPIM BRACHIARIA
650 _aCAPIM COLONIÃO
650 _aMETANOL
650 _aMELOIDOGINOSE
773 0 _tNematologia Brasileira (Brazil)
_xISSN 0102-2997
_g(2003), v. 27(1) p. 87-92
_wBR0800573
909 _a202311
_bLúcia
_c55
_dLúcia Elande
942 _2AGRIS
_n0
_cANA
999 _c193121
_d193121